International relations theories : (Record no. 18940)
[ view plain ]
| 000 -LEADER | |
|---|---|
| fixed length control field | 01852cam a22003137i 4500 |
| 001 - CONTROL NUMBER | |
| control field | 17805293 |
| 005 - DATE AND TIME OF LATEST TRANSACTION | |
| control field | 20201128021206.0 |
| 008 - FIXED-LENGTH DATA ELEMENTS--GENERAL INFORMATION | |
| fixed length control field | 130709s2013 xxka frbd f001 0 eng d |
| 010 ## - LIBRARY OF CONGRESS CONTROL NUMBER | |
| LC control number | 2013427004 |
| 020 ## - INTERNATIONAL STANDARD BOOK NUMBER | |
| International Standard Book Number | 9780199696017 (pbk.) |
| 020 ## - INTERNATIONAL STANDARD BOOK NUMBER | |
| International Standard Book Number | 0199696012 (pbk.) |
| 040 ## - CATALOGING SOURCE | |
| Original cataloging agency | UKMGB |
| Language of cataloging | eng |
| Transcribing agency | UKMGB |
| Modifying agency | OCLCO |
| -- | CDX |
| -- | YDXCP |
| -- | BWX |
| -- | OSU |
| -- | IAK |
| -- | DLC |
| -- | EG-ScBUE |
| 082 00 - DEWEY DECIMAL CLASSIFICATION NUMBER | |
| Classification number | 327.101 |
| Edition number | 22 |
| Item number | INT |
| 245 00 - TITLE STATEMENT | |
| Title | International relations theories : |
| Remainder of title | discipline and diversity / |
| Statement of responsibility, etc | edited by Tim Dunne, Milja Kurki, and Steve Smith. |
| 250 ## - EDITION STATEMENT | |
| Edition statement | 3rd ed. |
| 260 ## - PUBLICATION, DISTRIBUTION, ETC. (IMPRINT) | |
| Place of publication, distribution, etc | Oxford, United Kingdom : |
| Name of publisher, distributor, etc | Oxford University Press, |
| Date of publication, distribution, etc | 2013. |
| 300 ## - PHYSICAL DESCRIPTION | |
| Extent | xxiii, 368 p. : |
| Other physical details | ill. (col.) ; |
| Dimensions | 25 cm. |
| 500 ## - GENERAL NOTE | |
| General note | Glossary : p. 351-358. |
| 500 ## - GENERAL NOTE | |
| General note | Index : p. 359-368. |
| 504 ## - BIBLIOGRAPHY, ETC. NOTE | |
| Bibliography, etc | Bibliography : p. 329-350. |
| 505 0# - FORMATTED CONTENTS NOTE | |
| Formatted contents note | Introduction : Diversity and disciplinarity in international relations theory / Steve Smith-International relations and social science / Milja Kurki and Colin Wight-Normative international relations theory / Toni Erskine-Classical realism / Richard Ned Lebow-Structural realism / John J. Mearsheimer-Liberalism / Bruce Russell-Neoliberalism / Jennifer Sterling-Folker-The English school / Tim Dunne-Marxism / Mark Rupert-Critical theory / Steven C. Roach-Constructivism / K. M. Fierke-Feminism / J. Ann Tickner and Laura Sjoberg-Poststructuralism / David Campbell-Postcolonialism / Siba N. Grovogui-Green theory / Robyn Eckersley-International relations theory and globalization / Colin Hay-Still a discipline after all these debates? / Ole W�ver -Glossary. |
| 653 ## - INDEX TERM--UNCONTROLLED | |
| Resource For college | BAEPS, Political Science |
| Arrived date list | January2015 |
| 655 ## - INDEX TERM--GENRE/FORM | |
| Form subdivision | |
| -- | 34232 |
| 650 #0 - SUBJECT ADDED ENTRY--TOPICAL TERM | |
| 9 (RLIN) | 1135 |
| Topical term or geographic name as entry element | International relations |
| 700 1# - ADDED ENTRY--PERSONAL NAME | |
| Personal name | Dunne, Timothy, |
| Dates associated with a name | 1965- |
| Relator term | editor. |
| 9 (RLIN) | 37340 |
| 700 1# - ADDED ENTRY--PERSONAL NAME | |
| Personal name | Kurki, Milja |
| Relator term | editor. |
| 9 (RLIN) | 2831 |
| 700 1# - ADDED ENTRY--PERSONAL NAME | |
| Personal name | Smith, Steve, |
| Dates associated with a name | 1952- |
| Relator term | editor. |
| 9 (RLIN) | 8197 |
| 942 ## - ADDED ENTRY ELEMENTS (KOHA) | |
| Source of classification or shelving scheme | Dewey Decimal Classification |
| Call number prefix | 327.101 INT |
| Withdrawn status | Item status | Source of classification or shelving scheme | Damaged status | Not for loan | Vendor | Home library | Current library | Shelving location | Date acquired | Cost, normal purchase price | Serial Enumeration / chronology | Total Checkouts | Full call number | Barcode | Date last seen | Cost, replacement price | Koha item type |
|---|---|---|---|---|---|---|---|---|---|---|---|---|---|---|---|---|---|
| Dewey Decimal Classification | Baccah | Central Library | Central Library | First floor | 26/01/2015 | 240.00 | 21291 | 327.101 INT | 000037364 | 15/07/2025 | 300.00 | Book - Borrowing |